| 000 | 00865nam a2200217Ia 4500 | ||
|---|---|---|---|
| 003 | GCL | ||
| 008 | 140319s9999 xx 000 0 ara d | ||
| 040 |
_aGCL / _cGCL |
||
| 082 | 0 | 4 |
_aق _b932 _bج ن |
| 100 | 1 | _aهيئة الاثار المصرية | |
| 245 | 1 | 0 |
_aنصوص الشرق الادنى القديمة المتعلقة بالعهد القديم : ح1 / _cهيئة الاثار المصرية |
| 700 | 1 | _aعبدالحميد زايد (تعريب وتعليق) | |
| 700 | 1 | _aبربتشارو جيمس (الناشر) | |
| 700 | 1 | _aمحمد جمال الدين مختار (مراجع) | |
| 260 |
_a[S.N] : _bهيئة الاثار المصرية |
||
| 300 | _a192 ص | ||
| 490 |
_aسلسلة الثقافة الاثرية والتاريخية _v0 |
||
| 650 | 0 | 4 | _aمصر القديمة |
| 650 | 0 | 4 | _aالحضارة الفرعونية |
| 942 |
_2ddc _cBK |
||
| 999 |
_c53051 _d53051 |
||